[Event "Barcelona Ideal Clave op 21st"]
[Site "Barcelona"]
[Date "2017.09.30"]
[Round "1"]
[White "Marques Soriano, Valentin"]
[Black "Acriz Ibanez, Salvador"]
[Result "1/2-1/2"]
[WhiteElo "1745"]
[BlackElo "1405"]
[PlyCount "54"]
[EventDate "2017.09.30"]
[EventType "swiss"]
[EventRounds "8"]
[EventCountry "ESP"]
[SourceTitle "CBM 181 Extra"]
[Source "ChessBase"]
[SourceDate "2017.12.12"]
[SourceVersion "1"]
[SourceVersionDate "2017.12.12"]
[SourceQuality "1"]

1. e4 e5 2. Nf3 Nc6 3. Bb5 d6 4. d3 a6 5. Ba4 b5 6. Bb3 Bg4 7. c3 Nf6 8. Nbd2 Be7 9. Nf1 d5 10. exd5 Nxd5 11. Ng3 0-0 12. 0-0 Nf6 13. h3 Be6 14. Bc2 Qd5 15. Qe2 Rad8 16. Bg5 h6 17. Be3 Bc5 18. Bxc5 Qxc5 19. Rfe1 Nd5 20. Nxe5 Nxe5 21. Qxe5 Rfe8 22. Qh5 Qe7 23. Qf3 Qg5 24. d4 Nf4 25. Kh2 Bd5 26. Qg4 Qxg4 27. hxg4 Nxg2 1/2-1/2

[Event "Barcelona Sant Marti op-B 16th"]
[Site "Barcelona"]
[Date "2014.07.13"]
[Round "1"]
[White "Acriz Ibanez, Salvador"]
[Black "Romero Funieles, Rafael de Jesus"]
[Result "0-1"]
[WhiteElo "1700"]
[BlackElo "1939"]
[PlyCount "70"]
[EventDate "2014.07.13"]
[EventType "swiss"]
[EventRounds "9"]
[EventCountry "ESP"]
[SourceTitle "CBM 161 Extra"]
[Source "ChessBase"]
[SourceDate "2014.08.29"]
[SourceVersion "1"]
[SourceVersionDate "2014.08.29"]
[SourceQuality "1"]

1. Nf3 e6 2. d4 Nf6 3. Nc3 Be7 4. e4 0-0 5. Bd3 c5 6. 0-0 cxd4 7. Nxd4 e5 8. Nf5 d6 9. Nxe7+ Qxe7 10. Bg5 Be6 11. f4 exf4 12. Rxf4 Qd8 13. Nd5 Bxd5 14. exd5 Qb6+ 15. Kh1 Nfd7 16. Rh4 g6 17. Bh6 Re8 18. b3 Na6 19. a3 Nac5 20. Bc4 Ne4 21. Rf4 Nf2+ 22. Rxf2 Qxf2 23. h3 Re5 24. Bb5 Nc5 25. Qf1 Qxf1+ 26. Rxf1 a6 27. Bc4 b5 28. b4 bxc4 29. bxc5 dxc5 30. Rd1 Re4 31. c3 f6 32. Bc1 Rd8 33. a4 Rd7 34. Ba3 Re3 35. Bxc5 Rd3 0-1

[Event "Foment Martinenc op-C 16th"]
[Site "Barcelona"]
[Date "2014.06.21"]
[Round "9"]
[White "Carre Rodriguez, Rafael"]
[Black "Acriz Ibanez, Salvador"]
[Result "1/2-1/2"]
[WhiteElo "1753"]
[BlackElo "1700"]
[PlyCount "39"]
[EventDate "2014.04.26"]
[EventType "swiss"]
[EventRounds "9"]
[EventCountry "ESP"]
[SourceTitle "EXT 2015"]
[Source "ChessBase"]
[SourceDate "2014.11.20"]
[SourceVersion "1"]
[SourceVersionDate "2014.11.20"]
[SourceQuality "1"]

1. d4 Nf6 2. c4 e6 3. Bg5 Be7 4. Nc3 d5 5. Nf3 Nc6 6. e3 0-0 7. Bd3 a6 8. Qc2 Nb4 9. Qb1 Nxd3+ 10. Qxd3 dxc4 11. Qxc4 b5 12. Qd3 Bb7 13. e4 Nh5 14. Be3 c5 15. d5 c4 16. Qd2 Nf6 17. dxe6 fxe6 18. Qxd8 Raxd8 19. Nd2 Ng4 20. Bb6 1/2-1/2

[Event "Foment Martinenc op-B 15th"]
[Site "Barcelona"]
[Date "2013.05.18"]
[Round "5"]
[White "Rodriguez Batuecas, Jordi"]
[Black "Acriz Ibanez, Salvador"]
[Result "1/2-1/2"]
[WhiteElo "1627"]
[BlackElo "1443"]
[PlyCount "68"]
[EventDate "2013.04.20"]
[EventType "swiss"]
[EventRounds "9"]
[EventCountry "ESP"]
[SourceTitle "CBM 154 Extra"]
[Source "ChessBase"]
[SourceDate "2013.06.25"]
[SourceVersion "2"]
[SourceVersionDate "2013.06.25"]
[SourceQuality "1"]

1. e4 e5 2. Nf3 Nc6 3. d4 exd4 4. Nxd4 d6 5. Bb5 Bd7 6. 0-0 Nf6 7. Nc3 a6 8. Ba4 b5 9. Bb3 Ne5 10. Bg5 c5 11. Bd5 Rb8 12. Nde2 Be7 13. Bxf6 Bxf6 14. Ng3 Bg4 15. Qc1 b4 16. Nce2 a5 17. h3 Be6 18. Rd1 0-0 19. Nf4 Bxd5 20. Nxd5 Ng6 21. Rb1 Be5 22. c3 bxc3 23. Nxc3 Nf4 24. Qe3 Qg5 25. Kf1 Bd4 26. Qd2 h5 27. Nce2 Be5 28. Nxf4 Bxf4 29. Qd3 Rfe8 30. Ne2 Rb4 31. Nxf4 Qxf4 32. Qxd6 Qxe4 33. Qxc5 Qe2+ 34. Kg1 Rxb2 1/2-1/2

[Event "Foment Martinenc op-B 15th"]
[Site "Barcelona"]
[Date "2013.05.04"]
[Round "3"]
[White "Acriz Ibanez, Salvador"]
[Black "Garcia Acosta, Carla"]
[Result "1/2-1/2"]
[WhiteElo "1443"]
[BlackElo "1548"]
[PlyCount "42"]
[EventDate "2013.04.20"]
[EventType "swiss"]
[EventRounds "9"]
[EventCountry "ESP"]
[SourceTitle "CBM 154 Extra"]
[Source "ChessBase"]
[SourceDate "2013.06.25"]
[SourceVersion "2"]
[SourceVersionDate "2013.06.25"]
[SourceQuality "1"]

1. Nf3 d5 2. d4 Nf6 3. Nc3 h6 4. e3 e6 5. a3 Bd7 6. Bd3 Bd6 7. e4 dxe4 8. Nxe4 Nxe4 9. Bxe4 Bc6 10. d5 exd5 11. Bxd5 0-0 12. Bxc6 Nxc6 13. 0-0 Qf6 14. c3 Rad8 15. Qc2 Rfe8 16. Be3 Ne5 17. Nxe5 Qxe5 18. g3 Bc5 19. Rae1 Qd6 20. Bxc5 Qxc5 21. Rxe8+ Rxe8 1/2-1/2

[Event "Malaga op 13th"]
[Site "Malaga"]
[Date "2010.02.21"]
[Round "2"]
[White "Acriz Ibanez, Salvador"]
[Black "Bolle, Leendert"]
[Result "0-1"]
[WhiteElo "1537"]
[BlackElo "1948"]
[PlyCount "76"]
[EventDate "2010.02.20"]
[EventType "swiss"]
[EventRounds "9"]
[EventCountry "ESP"]
[SourceTitle "CBM 135 Extra"]
[Source "ChessBase"]
[SourceDate "2010.05.04"]
[SourceVersion "1"]
[SourceVersionDate "2010.05.04"]
[SourceQuality "1"]

1. Nf3 Nf6 2. d4 g6 3. Nc3 d5 4. e3 Bg7 5. Bd3 0-0 6. 0-0 Nbd7 7. e4 dxe4 8. Nxe4 b6 9. c3 Bb7 10. Nxf6+ Nxf6 11. Bf4 a5 12. a4 e6 13. Be5 Rc8 14. Qe2 Ra8 15. Nd2 Qd7 16. Ne4 Nxe4 17. Bxg7 Kxg7 18. Bxe4 c6 19. f4 h5 20. Rf3 h4 21. Rh3 Rh8 22. Bf3 Raf8 23. Qf2 Qe7 24. Re1 Qf6 25. Qe3 Rc8 26. Qe5 Ba6 27. Qd6 Bd3 28. Be4 Bc4 29. Rf3 Rhd8 30. Qa3 c5 31. dxc5 Rxc5 32. b3 Bd5 33. c4 Qd4+ 34. Rfe3 Bxe4 35. b4 axb4 36. Qxb4 Rxc4 37. Qe7 Rxa4 38. Qxh4 Ra2 0-1

[Event "Malaga op 12th"]
[Site "Malaga"]
[Date "2009.07.13"]
[Round "4"]
[White "Nava Baro, Enrique"]
[Black "Acriz Ibanez, Salvador"]
[Result "1-0"]
[WhiteElo "2201"]
[BlackElo "1583"]
[PlyCount "45"]
[EventDate "2009.07.11"]
[EventType "swiss"]
[EventRounds "9"]
[EventCountry "ESP"]
[SourceTitle "CBM 131 Extra"]
[Source "ChessBase"]
[SourceDate "2009.09.03"]
[SourceVersion "2"]
[SourceVersionDate "2009.09.16"]
[SourceQuality "1"]

1. d4 Nf6 2. c4 e6 3. Nc3 d5 4. cxd5 exd5 5. Bg5 Be7 6. Qc2 c6 7. e3 0-0 8. Bd3 Nbd7 9. Nge2 c5 10. 0-0 c4 11. Bf5 Nb6 12. a4 Bxf5 13. Qxf5 g6 14. Qf3 a6 15. a5 Nc8 16. Nf4 Ne4 17. Bxe7 Nxe7 18. Nxe4 dxe4 19. Qxe4 Qc7 20. d5 Rad8 21. Rfc1 b5 22. axb6 Qxb6 23. Qxe7 1-0

[Event "Barceloneta op"]
[Site "Barcelona"]
[Date "2001.10.06"]
[Round "2"]
[White "Acriz Ibanez, Salvador"]
[Black "Chalmeta Ugas, Jordi Ramon"]
[Result "0-1"]
[WhiteElo "1700"]
[BlackElo "1995"]
[PlyCount "58"]
[EventDate "2001.09.29"]
[EventType "swiss"]
[EventRounds "9"]
[EventCountry "ESP"]
[SourceTitle "CBM 085 Extra"]
[Source "ChessBase"]
[SourceDate "2002.01.21"]
[SourceVersion "1"]
[SourceVersionDate "2002.01.21"]
[SourceQuality "1"]

1. d4 Nf6 2. c4 g6 3. Nf3 Bg7 4. Nc3 d5 5. h3 0-0 6. Bf4 c5 7. e3 Nc6 8. Be2 cxd4 9. Nxd4 Nxd4 10. exd4 dxc4 11. 0-0 Be6 12. Be5 Nd5 13. Bxg7 Kxg7 14. a3 a6 15. Rc1 b5 16. Bf3 Ra7 17. Qe1 Nxc3 18. Qxc3 Bd5 19. Rfd1 Rd7 20. Rc2 e6 21. Rcd2 Qf6 22. Bxd5 Rxd5 23. Re1 Rfd8 24. Re5 Qe7 25. Qe3 Qd6 26. Re4 e5 27. dxe5 Qe6 28. Rdd4 Qb6 29. Qc3 Rxd4 0-1

[Event "Barceloneta op"]
[Site "Barcelona"]
[Date "2001.??.??"]
[Round "1"]
[White "Marques Rodriguez, Gaspar"]
[Black "Acriz Ibanez, Salvador"]
[Result "1-0"]
[WhiteElo "1865"]
[BlackElo "1700"]
[PlyCount "53"]
[EventDate "2001.09.29"]
[EventType "swiss"]
[EventRounds "9"]
[EventCountry "ESP"]
[SourceTitle "CBM 085 Extra"]
[Source "ChessBase"]
[SourceDate "2002.01.21"]
[SourceVersion "1"]
[SourceVersionDate "2002.01.21"]
[SourceQuality "1"]

1. d4 d5 2. c4 e6 3. Nf3 Nf6 4. a3 Be7 5. Nc3 0-0 6. Bg5 a6 7. e3 dxc4 8. Bxc4 b5 9. Bd3 Bb7 10. 0-0 Nbd7 11. b4 Nb6 12. Qc2 Bxf3 13. gxf3 g6 14. Rad1 c6 15. h4 Nh5 16. f4 Bxg5 17. fxg5 Qd7 18. Ne4 e5 19. Be2 Qf5 20. Bxh5 Kg7 21. Be2 Nd7 22. Qb1 Qh3 23. h5 f5 24. h6+ Kh8 25. dxe5 Nxe5 26. Qb2 fxe4 27. Qxe5+ 1-0